000
00286nam a2200109Ia 4500
005
20251222140059.0
008
251222s1900||||xx |||||||||||||| ||spa||
082
_a
149.94/L5
245
0
_a
Lenguaje y FilosofĂa:
264
_b
Consejo Superior de Investigaciones CientĂficas
942
_c
LIB
999
_c
3866
_d
3866